000 00667nam a22001697a 4500
003 SGT
020 _a9788131520956
082 _a004.602465,WHI
100 _aWHITE M. CURT
245 _aFUNDAMENTALS OF NETWORKING AND DATA COMMUNICATIONS
250 _a7TH
260 _aNEW DELHI
_bKIRTI PRAKASHAN
_c2014
300 _a421
650 _aCOMPUTER SCIENCE
653 _a Introduction, The Internet, Data Networks, Signal Fundamentals, The Media, Local Area Networks: Part, Local Area Networks: Part, Making Connections, Multiplexing and Compression, Detecting and Correcting Errors, Other Networks, Security, Design and Management of Networks
942 _2ddc
_cFCM
999 _c8932
_d8932